000 01056cam a22002054a 4500
005 20250605163932.0
008 250528s ||||||||||||||||||||||||d
035 _a14731
020 _a335098452
040 _aGR-AtMCL
_bgre
_dGR-AtMCL
_eAACR2
245 1 _aThe Applied Psychologist
260 _bOpen University Press,
_c1989
300 _a212
520 _aThis book, contrary to most in this area, takes the latter view and brings a fresh perspective by suggesting that applied psychologists have many skills that are deployed in different ways in different circumstances. Preface, The Role and Skills of Applied Psychologists, The Psychologist as Counsellor, The Psychologist as Colleague, The Psychologist as Expert, The Psychologist as Toolmaker, The Psychologist as Detached Investigator, The Psychologist as Theoretician, The Psychologist as Agent for Change, Becoming an Applied Psychologist, Subject and Author Index.
700 1 _aBranthwaite Alan
_9478
700 1 _aHartley James
_9479
942 _cBK
999 _c351
_d351